|
|
|
|
| LEADER |
00000nab a2200000 a 4500 |
| 001 |
vtls000910676 |
| 003 |
SK-MaSNL |
| 005 |
20260302173146.0 |
| 008 |
190318e19940000xo 0 slo |
| 035 |
|
|
|a KE19598
|
| 040 |
|
|
|a KEVKJB
|b slo
|c KEVKJB
|e AACR2
|
| 041 |
0 |
|
|a slo
|
| 044 |
|
|
|a xo
|c SK
|
| 080 |
|
|
|a 614.84
|2 1981
|
| 100 |
0 |
|
|a -šn-
|4 aut
|9 880392
|
| 245 |
1 |
0 |
|a Z okresu Košice-vidiek
|
| 610 |
2 |
7 |
|a Dobrovoľný požiarny oddiel (Košice - vidiek, Slovensk
|2 KEVKJB
|9 880393
|
| 650 |
0 |
7 |
|a požiarnictvo
|2 KEVKJB
|9 1502
|
| 650 |
0 |
7 |
|a zasadnutia okresné
|2 KEVKJB
|9 880394
|
| 650 |
0 |
7 |
|a činnosť
|2 KEVKJB
|9 282874
|
| 710 |
2 |
|
|a Dobrovoľný požiarny oddiel (Košice - vidiek, Slovensk
|4 aut
|9 880393
|
| 773 |
0 |
8 |
|t Požiarnik
|g Roč. 71
|
| 852 |
|
|
|a ZVYKNI
|b KIS3GCP
|
| 999 |
|
|
|c 1400921
|d 1402851
|